Alle EA Spielereihen - Statistiken

Allgemein
  • Dieses Quiz wurde 94 mal gespielt
    46 seit der letzten Aktualisierung
  • Das Durchschnittsergebnis liegt bei 5 aus 19
Antwortstatistiken
Hint Antwort % Korrekt
Sport FIFA
95%
Rennsport Formel 1
63%
Sport Madden
55%
Sport EA FC
42%
Rennsport Need for Speed
34%
Simulation Sims
34%
Sport NHL
29%
Anderes Battlefield
26%
Anderes Star Wars
21%
Sport PGA
16%
Sport Baseball
13%
Rennsport WRC
13%
Anderes Dead Space
5%
Sport FIFA Mobile
3%
Rennsport Grid Legends
3%
Sport UFC
3%
Anderes Wild Hearts
3%
Sport FC Mobile
0%
Anderes Immortals of Aveum
0%
Keine übereinstimmenden Quizze gefunden
Verteilung der Resultate
Anzahl Personen mit jedem Resultat
Perzentil nach korrekt beantworteten Fragen
Ihre Resultats-Entwicklung
Sie haben dieses Quiz seit der letzten Aktualisierung nicht gespielt